000 00694nam0a22002531 4500
001 RU\NLR\INFOCOMM15\ROSSICA\1000002554
005 20250613185142.0
035 _a(NLR Aleph) 009882188
090 _a10478298
_c10478298
100 _a20030513d1878 |||y0rusy50 ca
101 0 _aund
102 _aRU
105 _ay ||||000ay
200 1 _aAltera pars non semper auditur
_eErwiderung auf den Artikel "Audiatur et altera pars"
_fC.Blumberg
210 _aКазань
_d1878
215 _d8°
700 1 _aBlumberg
_bC.
_4070
801 1 _aRU
_bInfoComm
_c20030513
801 0 _aRU
_bNLR
_gPSBO
852 _aNLR
_j12.43.3.923
942 _cBOOK
980 _aNB
980 _aRossica